000 01341cac a2200373 i 4500
003 EG-GICUC
005 20260121101532.0
008 020327s1999 caua fr 001 0 eng d
020 _a0534535054
020 _a9780534535056
040 _aDLC
_cDLC
_dDLC
_dEG-GICUC
_beng
_erda
043 _an-us---
050 0 0 _aKF9218
_b.S34 2003
082 0 0 _a343.1073
_221
092 0 4 _221
099 _aLaw 10 1999
100 1 _aScheb, John M.
_q(John Malcolm),
_d1926-
245 1 0 _aCriminal law /
_cJohn M. Scheb, John M. Scheb II.
250 _a3rd edition.
264 _aBelmont, CA :
_bThomson/Wadsworth,
_c1999.
300 _axx. 748 page :
_billustrations ;
_c25 cm.
336 _atext
_btxt
_2rdacontent
337 _aunmediated
_bn
_2rdamedia
338 _avolume
_bnc
_2rdacarrier
500 _aIncludes index.
650 0 _aCriminal law
_zUnited States.
700 1 _aScheb II, John M.,
_d1955-
856 4 2 _uhttps://fll.law.cu.edu.eg/fulltext/bks/B10-00076.pdf
856 4 2 _3Contributor biographical information
_uhttp://www.loc.gov/catdir/enhancements/fy1515/2002066180-b.html
856 4 2 _3Publisher description
_uhttp://www.loc.gov/catdir/enhancements/fy1515/2002066180-d.html
856 4 1 _3Table of contents only
_uhttp://www.loc.gov/catdir/enhancements/fy1515/2002066180-t.html
905 _a10
942 _2ddc
_cBK
_e21
_n0
999 _c52150
_d52150